000 01298cam a2200325 i 4500
001 15936299
003 EG-ScBUE
005 20241107092252.0
008 091008s2010 nyua f b 001 0 eng d
020 _a9780387894874 (pbk.)
020 _a038789487X (pbk.)
040 _aUKM
_beng
_erda
_cUKM
_dBTCTA
_dBWX
_dYDXCP
_dOHX
_dCDX
_dMUU
_dDEBBG
_dDLC
_dEG-ScBUE
082 0 4 _a519.22
_222
_bSTO
245 0 0 _aStochastic partial differential equations :
_ba modeling, white noise functional approach /
_cHelge Holden [and three others]
250 _aSecond edition.
264 1 _aLondon ;
_aNew York :
_bSpringer,
_c2010.
300 _axv, 304 pages ;
_billustrations ;
_c24 cm.
336 _2rdacontent
_atext
_btxt
337 _aunmediated
_2rdamedia
_bn
338 _avolume
_bnc
_2rdacarrier
490 0 _aUniversitext
500 _aEarlier edition published in 1996 by Birkhauser Boston.
504 _aIncludes bibliographical references and index.
650 7 _aStochastic partial differential equations.
_2BUEsh
_928603
653 _cFebruary2012
655 _vReading book
700 1 _aHolden, H.
_q(Helge),
_d1956-
_eauthor.
_928605
942 _2ddc
_cBB
999 _c16384
_d16384